| 000 | 01133cam a2200361Ia 4500 | ||
|---|---|---|---|
| 999 |
_c5144 _d5144 |
||
| 001 | 28956765 | ||
| 003 | OCoLC | ||
| 005 | 20181221113109.0 | ||
| 008 | 931008s1987 txua 000 0 eng d | ||
| 010 | _a 87029561 | ||
| 020 | _a0849933420 (pbk.) | ||
| 020 | _a9780849933424 (pbk.) | ||
| 020 | _a084990630X | ||
| 020 | _a9780849906305 | ||
| 035 | _a(OCoLC)28956765 | ||
| 040 |
_aONE _cONE _dSLC _dD8D _dOCLCG _dYDXCP _dFLR _dTXBXL |
||
| 043 | _an-us--- | ||
| 050 | 0 | 4 |
_aHQ755.8 _b.D63 1987 |
| 082 | 0 | 4 |
_a649.1 _220 _bD635P |
| 096 | _aWS 105.5.C3 D635p 1987 | ||
| 100 | 1 |
_aDobson, James C., _d1936- |
|
| 245 | 1 | 0 |
_aParenting isn't for cowards / _cJames C. Dobson. |
| 260 |
_aDallas : _bWord Pub., _cc1987. |
||
| 300 |
_a239 p. : _bill. ; _c23 cm. |
||
| 520 | _aThe "You Can Do It" guide for hassled parents from America's best-loved family advocate. | ||
| 650 | 0 |
_aChild rearing _zUnited States. |
|
| 650 | 0 |
_aParenting _zUnited States. |
|
| 650 | 0 | _aParenthood. | |
| 650 | 2 |
_aParenting _zUnited States. |
|
| 650 | 2 |
_aParent-Child Relations _zUnited States. |
|
| 650 | 2 |
_aChild Rearing _zUnited States. |
|
| 942 |
_2ddc _cBK |
||